5HLuxD.jpg

KING HENRY VIII SENIOR AND PRIMARY SCHOOL LIBRARY OPAC

The music of the primes : (Record no. 306)

000 -LEADER
fixed length control field 01139nam a2200349 a 4500
001 - CONTROL NUMBER
control field 015739483
003 - CONTROL NUMBER IDENTIFIER
control field UkOxU
005 - DATE AND TIME OF LATEST TRANSACTION
control field 20190806081728.0
008 - FIXED-LENGTH DATA ELEMENTS--GENERAL INFORMATION
fixed length control field 030428s2004 enkac b 001 0 eng d
020 ## - INTERNATIONAL STANDARD BOOK NUMBER
International Standard Book Number 1841155802
020 ## - INTERNATIONAL STANDARD BOOK NUMBER
International Standard Book Number 9781841155807
040 ## - CATALOGING SOURCE
Original cataloging agency UkOxU
Transcribing agency KH8
042 ## - AUTHENTICATION CODE
Authentication code ukscp
082 ## - DEWEY DECIMAL CLASSIFICATION NUMBER
Classification number 512.73 DUS
100 1# - MAIN ENTRY--PERSONAL NAME
Personal name Du Sautoy, Marcus.
Relator term author
245 14 - TITLE STATEMENT
Title The music of the primes :
Remainder of title why an unsolved problem in mathematics matters /
Statement of responsibility, etc. Marcus du Sautoy.
260 ## - PUBLICATION, DISTRIBUTION, ETC.
Place of publication, distribution, etc. London :
Name of publisher, distributor, etc. Harper Perennial,
Date of publication, distribution, etc. 2004.
300 ## - PHYSICAL DESCRIPTION
Extent 335, 13 p. :
Other physical details ill., ports. ;
Dimensions 25 cm.
500 ## - GENERAL NOTE
General note Previous ed.: London : Fourth Estate, 2003.
500 ## - GENERAL NOTE
General note Includes extra section at end of book entitled: P.S.
504 ## - BIBLIOGRAPHY, ETC. NOTE
Bibliography, etc. note Includes bibliographical references and index.
650 #0 - SUBJECT ADDED ENTRY--TOPICAL TERM
Topical term or geographic name entry element Numbers, Prime.
650 #0 - SUBJECT ADDED ENTRY--TOPICAL TERM
Topical term or geographic name entry element Number theory.
942 ## - ADDED ENTRY ELEMENTS (KOHA)
Source of classification or shelving scheme
Koha item type Books - Non Ficton
948 ## - LOCAL PROCESSING INFORMATION (OCLC); SERIES PART DESIGNATOR (RLIN)
e (OCLC) scp
Holdings
Withdrawn status Lost status Source of classification or shelving scheme Damaged status Not for loan Collection code Permanent Location Current Location Shelving location Date acquired Full call number Barcode Date last seen Price effective from Koha item type
          Non-Fiction KH8 Senior School Library KH8 Senior School Library Non Fiction 2019-08-06 512.73 DUS 3KHSL000100213 2019-08-06 2019-08-06 Books - Non Ficton
          Teaching Resources KH8 Senior School Library KH8 Senior School Library Staff Office 2023-10-02 512.73 DUS TRKHSL003915 2023-10-02 2023-10-02 Teaching Resources

Powered By KH8 IT Dept